000 00808nam a2200277Ia 4500
003 OSt
005 20220924120101.0
006 a|||||r|||| 00| 0
007 ta
008 220923b |||||||| |||| 00| 0 urd d
020 _a8189506129 (hkb)
020 _c350
024 _a284824
037 _b4310, 19/11/2014, Kitabi Duniya
_cTextual
040 _aARTS
_cARTS
_burd
041 _2urd
_aurd
082 _aD65,4, 168Q0
100 _aAkhtar Syed Sulaiman
_9180705
245 0 _aElectronic Media ki Tareekh
260 _aDelhi
_bKitabi Duniya India
_c2010
300 _a304p.
_ccm.
650 _a ENGINEERING
_92968
650 _aURDU LANGUAGE
_9154969
942 _hD65,4, 168Q0
_cTEXL
_2CC
999 _c401160
_d401160